| 000 | 00790nam a2200217 a 4500 | ||
|---|---|---|---|
| 001 | BRCA_995 | ||
| 005 | 20190320203233.0 | ||
| 008 | 051129s2006 ctua---##b---#001-0#eng-# | ||
| 020 | _a0300114311 | ||
| 050 | 4 |
_aE18.82 _b.E44 2006 |
|
| 100 | 1 |
_aElliott, John Huxtable _93283 |
|
| 245 | 1 | 0 |
_aEmpires of the Atlantic world _bBritain and Spain in America : 1492-1830 _cJ. H. Elliott. |
| 260 |
_aNew Haven y Londres _bYale University Press _c2006 |
||
| 300 |
_axx, 546 p. _bil. (algunas a color), mapas _c25 cm. |
||
| 500 | _aIncluye índice de mapas | ||
| 504 | _aBibliografía: p. 481-516 | ||
| 650 | 1 | 4 |
_aColonización _xHistoria _zRegión del Océano Atlántico _93284 |
| 650 | 1 | 4 |
_aEspañoles _xHistoria _zAmérica _93285 |
| 651 | 4 |
_aGran Bretaña _xEspañoles _y1492-1830 _93286 |
|
| 942 |
_2lcc _cB |
||
| 999 |
_c879 _d879 |
||